000 00549nam a2200181Ia 4500
008 100917s9999 xx 000 0 und d
082 _b56546
100 _aगजेंद्रगडकर कृ. वे.
245 _aउपनिषद्रहस्य
260 _bग. वि. केतकर
_c1938
300 _a409
365 _b3
520 _aअध्यात्म
630 _aउपनिषद्रहस्य
650 _aअध्यात्म
730 _aउपनिषद्रहस्य
942 _cBOOK
999 _c661940
_d661937